| 000 | 00885nam a22002057a 4500 | ||
|---|---|---|---|
| 999 |
_c16727 _d16727 |
||
| 003 | AR-CdUCM | ||
| 008 | 190504b ||||| |||| 00| 0 spa d | ||
| 040 |
_aMUNICIPALIDAD PROVINCIAL DEL CUSCO _cBIBLIOTECA MUNICIPAL DEL CUSCO |
||
| 082 |
_a920 / _bB486 |
||
| 100 |
_aBerdiales, Germán _917367 |
||
| 245 |
_aEl primer soldado de la libertad : _bvida anecdótica de San Martín del e los andes a Boulogne mer 1817 - 1850 / |
||
| 260 |
_aBuenos Aires : _bAcme, _c1953. |
||
| 300 |
_a316 páginas ; _bIlustraciones, _c20 cm. |
||
| 505 | _aContenido: En primer soldado de la libertad -- La estrella de Chile -- Conquista sin sangre -- Apogeo militar y político -- Los dos hombres mas grandes de la América de sur... | ||
| 650 |
_aPrecursor de la libertad _936335 |
||
| 650 |
_aPrimer soldado _936336 |
||
| 650 |
_aSan Martín _9306 |
||
| 942 |
_2ddc _cLIBROS |
||
| 945 |
_adavv _d04/05/2019 |
||